| 000 | 00537nam a22001817a 4500 | ||
|---|---|---|---|
| 003 | 0 | ||
| 005 | 20160609165252.0 | ||
| 008 | 100108t xxu||||| |||| 00| 0 eng d | ||
| 037 |
_aM15410 _bBIBLIO |
||
| 040 |
_aUAC _bF _cEPAC |
||
| 082 | _a27.APE/BIS | ||
| 100 |
_aRoukatou O. BISSIRIOU _92610 |
||
| 245 | _aProblématique de la gestion des eaux usées dans le deuxième arrondissement de Cotonou | ||
| 260 |
_aEPAC _bBIBLIO _c2007-2008 |
||
| 300 |
_aII-28p _c29cm |
||
| 650 |
_aAMENAGEMENT PROTECION ENVIRONNEMENT _92611 |
||
| 942 | _cTHE | ||
| 999 |
_c46671 _d46671 |
||